| 000 | 01012nam a2200265 i 4500 | ||
|---|---|---|---|
| 001 | bg | ||
| 003 | KOSZ 005 | ||
| 005 | 20210427092237.0 | ||
| 008 | 070926s1967 pl a f 000 0 pol | ||
| 015 | _aPB 1968/1396 | ||
| 040 |
_aWA N _cKOSZ 005/RW _dKOSZ 005/RW |
||
| 041 | 1 |
_apol _hrus |
|
| 080 | _a519 | ||
| 100 | 1 |
_aPashaver, Iosif Saulovič _d(1907-1980) |
|
| 245 | 1 | 0 |
_aPrawo wielkich liczb i prawidłowości procesu masowego / _cI. Paschawer ; [tł. Henryk Widłaszewski]. |
| 246 | 1 |
_iTyt. oryg.: _aZakon bol'ših čisel i zakonomernosti massovogo processa. |
|
| 260 |
_aWarszawa : _bPaństwowe Wydawnictwo Ekonomiczne, _c1967. |
||
| 300 |
_a254, [2] s. : _bil. ; _c18 cm. |
||
| 380 | _aKsiążki. | ||
| 650 | 4 | _aPrawdopodobieństwo | |
| 710 | 2 |
_aPaństwowe Wydawnictwo Ekonomiczne _4pbl. |
|
| 700 | 1 |
_aWidłaszewski, Henryk _eTłumaczenie |
|
| 856 |
_uhttp://koha.tu.koszalin.pl/cgi-bin/koha/opac-detail.pl?biblionumber=10831 _yKatalog online BPK |
||
| 942 |
_2UKD _cKS |
||
| 999 |
_c10831 _d10831 |
||